Statistiques concernant Quel est ce Pokémon ? par image #9

Cliquez ici pour prendre le quiz!

Statistiques générales

  • Ce quiz a été pris 39 fois
  • Le résultat moyen est 10 sur 15

Statistiques - réponses

Réponse% Correct
Lainergie
97%
Flobio
91%
Riolu
91%
Cadoizo
88%
Massko
88%
Brouhabam
82%
Rhinolove
71%
Carabing
68%
Lakmécygne
68%
Lépidonille
59%
Yuyu
56%
Lézargus
41%
Embrochet
38%
Ire-Foudre
35%
Poltchageist
26%

Distribution des résultats

Percentile par nombre de réponses

% des personnes avec chaque résultat

Votre développement - résultats

Vous n’avez pas pris ce quiz